00493nam a2200157Ia 4500008004100000020001300041082001700054100002300071245007800094250000700172260003600179300003000215500001900245600002100264650005000285240925s9999 xx 000 0 und d a72223855 a005.7585 FRE aFreeman, G. Robert 0aOracle 9i New Features: use all of the enhanced capabilities of oracle 9i aNA aNew York:bMc Graw HIllc,2002. axvi,616p.bN.AfPhotocopy aIncludes Index aComputer Science aComputer science, information & general works